[Event "SK Ehrenburg-SC Naturns Jambo II"]
[Site "?"]
[Date "2014.01.11"]
[Round "6.4"]
[White "Messner, Alex"]
[Black "Gurschler, Markus"]
[Result "0-1"]
[WhiteElo "1619"]
[BlackElo "1575"]
[PlyCount "74"]
[EventDate "2014.??.??"]

1. c4 g6 2. g3 Bg7 3. Bg2 c6 4. Nc3 Nf6 5. e3 O-O 6. Nge2 d6 7. O-O Nbd7 8. f4
Nb6 9. d3 Re8 10. b3 e5 11. fxe5 Rxe5 12. d4 Re7 13. e4 h6 14. Bxh6 Bxh6 15.
Rxf6 Be3+ 16. Kh1 Kg7 17. Qf1 Bg4 18. e5 dxe5 19. dxe5 Qc7 20. Rd6 Bc5 21. Qf6+
Kg8 22. Nf4 Rxe5 23. Qxe5 Bxd6 24. Qg5 Bf5 25. Re1 Qd8 26. Qxd8+ Rxd8 27. Rd1
Be7 28. Rxd8+ Bxd8 29. Ne4 Be7 30. Kg1 Nd7 31. Kf2 a5 32. Ke3 Nc5 33. Kd4 Na6
34. Nd3 b6 35. Ne5 c5+ 36. Kc3 Bxe4 37. Bxe4 Bf6 0-1

[Event "SK Ehrenburg-SC Naturns Jambo II"]
[Site "?"]
[Date "2014.01.11"]
[Round "6.5"]
[White "Zoeschg, Herbert"]
[Black "Falkensteiner, Benjamin"]
[Result "1/2-1/2"]
[WhiteElo "1490"]
[BlackElo "1433"]
[PlyCount "61"]
[EventDate "2014.??.??"]

1. d4 Nf6 2. Bf4 g6 3. e3 d5 4. h3 e6 5. Nf3 a6 6. Nbd2 Bd6 7. Ne5 Nh5 8. Bh2
f6 9. Ng4 Nc6 10. Be2 Ng7 11. Bxd6 cxd6 12. c3 e5 13. Qb3 f5 14. Nh2 Ne7 15.
O-O-O b5 16. dxe5 dxe5 17. Ndf3 Qd6 18. g4 Be6 19. Ng5 Bg8 20. gxf5 gxf5 21.
Kb1 e4 22. h4 d4 23. c4 d3 24. Qc3 Kf8 25. Bxd3 exd3 26. Rxd3 Qb6 27. c5 Qb7
28. Rhd1 Nd5 29. Rxd5 Bxd5 30. Qf6+ Kg8 31. f3 1/2-1/2

[Event "SK Ehrenburg-SC Naturns Jambo II"]
[Site "?"]
[Date "2014.01.11"]
[Round "6.6"]
[White "Mairhofer, Rene"]
[Black "Wielander, Wolfgang"]
[Result "1-0"]
[WhiteElo "1647"]
[BlackElo "1417"]
[PlyCount "49"]
[EventDate "2014.??.??"]

1. e4 c5 2. Nf3 d6 3. d4 cxd4 4. Nxd4 Nf6 5. Nc3 a6 6. Bg5 e6 7. f4 Be7 8. Qf3
O-O 9. O-O-O Qc7 10. g4 Nbd7 11. Bd3 Nc5 12. Rhe1 Nxd3+ 13. Rxd3 Rb8 14. Bxf6
Bxf6 15. g5 Be7 16. Qh5 g6 17. Qh6 f6 18. f5 exf5 19. Nd5 Qd8 20. exf5 Rf7 21.
fxg6 hxg6 22. Qxg6+ Rg7 23. Nxe7+ Kf8 24. Qh6 Qa5 25. Qh8+ 1-0

[Event "SK Klausen-ASD Arci Scacchi BZ"]
[Site "?"]
[Date "2014.01.11"]
[Round "6.1"]
[White "Olivetti, Davide"]
[Black "Schacher, Gerd"]
[Result "0-1"]
[WhiteElo "1862"]
[BlackElo "2334"]
[PlyCount "74"]
[EventDate "2014.??.??"]

1. e4 c5 2. Nc3 g6 3. f4 Bg7 4. Nf3 Nc6 5. Bc4 e6 6. f5 Nge7 7. fxe6 fxe6 8. d3
d5 9. Bb3 O-O 10. O-O h6 11. Qe1 Nd4 12. Qh4 Nec6 13. Qxd8 Rxd8 14. Nxd4 Nxd4
15. exd5 Nxb3 16. axb3 exd5 17. Nb5 Bf5 18. Rxa7 Rxa7 19. Nxa7 c4 20. Re1 Bd4+
21. Be3 Re8 22. Kf2 Rxe3 23. Nb5 Rxe1+ 24. Kxe1 Bxb2 25. bxc4 dxc4 26. dxc4 Be5
27. g3 Bxc2 28. Kd2 Be4 29. Ke3 Bc6 30. Na3 Kf7 31. Nc2 Ke6 32. Ne1 Kf5 33. Nd3
h5 34. c5 Bb8 35. Nf2 Ke5 36. g4 Kd5 37. gxh5 gxh5 0-1

[Event "SK Klausen-ASD Arci Scacchi BZ"]
[Site "?"]
[Date "2014.01.11"]
[Round "6.2"]
[White "Seebacher, Reinhard"]
[Black "Adzic, Ranko"]
[Result "0-1"]
[WhiteElo "1864"]
[BlackElo "1789"]
[PlyCount "70"]
[EventDate "2014.??.??"]

1. c4 g6 2. e4 Bg7 3. d4 d6 4. Nc3 Nf6 5. Be2 O-O 6. h4 Nbd7 7. h5 e5 8. d5 Nc5
9. hxg6 fxg6 10. Bf3 a5 11. Bh6 Bd7 12. Qd2 Qe8 13. O-O-O Rf7 14. Nge2 b5 15.
Bxg7 Rxg7 16. cxb5 Rb8 17. Qg5 Rf7 18. Ng3 Kf8 19. Be2 a4 20. Qh6+ Ke7 21. Qe3
Qc8 22. f3 Qb7 23. Rh4 Qb6 24. Qg5 Qa5 25. Rdh1 a3 26. Rxh7 axb2+ 27. Kxb2 Qb4+
28. Kc2 Na4 29. Nxa4 Qxa4+ 30. Kc1 Bxb5 31. Rxf7+ Kxf7 32. Qd2 Bxe2 33. Nxe2
Qa3+ 34. Kd1 Rb2 35. Qh6 Qd3+ 0-1

[Event "SK Klausen-ASD Arci Scacchi BZ"]
[Site "?"]
[Date "2014.01.11"]
[Round "6.3"]
[White "D'Ambrosio, Luca"]
[Black "Schrott, Johann"]
[Result "0-1"]
[WhiteElo "1764"]
[BlackElo "1792"]
[PlyCount "68"]
[EventDate "2014.??.??"]

1. d4 Nf6 2. Nc3 g6 3. Bg5 Bg7 4. Nf3 d5 5. Qd2 Ne4 6. Qe3 Nxg5 7. Qxg5 c6 8.
g3 Bf5 9. Qd2 Nd7 10. Nh4 Be6 11. e4 dxe4 12. Nxe4 Bd5 13. Bg2 Nb6 14. c3 e5
15. dxe5 Bxe5 16. O-O O-O 17. Rfd1 Nc4 18. Qe2 Qc7 19. b3 Nb6 20. Rd3 Rae8 21.
Re1 Bg7 22. Qd2 Re7 23. c4 Bxe4 24. Rxe4 Rxe4 25. Bxe4 Bf6 26. c5 Na8 27. Rd7
Qe5 28. Bg2 Qxc5 29. Rxb7 Nb6 30. Rxa7 Nc4 31. Qd7 Ne5 32. Qb7 Ng4 33. Nf3
Qxf2+ 34. Kh1 Ne3 0-1

[Event "SK Klausen-ASD Arci Scacchi BZ"]
[Site "?"]
[Date "2014.01.11"]
[Round "6.4"]
[White "Schrott, Ernst"]
[Black "Pollana, Marco"]
[Result "1-0"]
[WhiteElo "1857"]
[BlackElo "1746"]
[PlyCount "87"]
[EventDate "2014.??.??"]

1. e4 Nc6 2. Nf3 g6 3. d4 d6 4. Nc3 Bg7 5. Be3 Nf6 6. Qd2 Ng4 7. Bg5 h6 8. Bh4
g5 9. Bg3 e5 10. Bb5 O-O 11. Bxc6 bxc6 12. dxe5 Nxe5 13. Nxe5 dxe5 14. Qxd8
Rxd8 15. Rd1 Ba6 16. f3 f6 17. Bf2 Rxd1+ 18. Kxd1 Bf8 19. Na4 Bc4 20. b3 Bf7
21. c4 a5 22. Kc2 Rd8 23. Rd1 Rxd1 24. Kxd1 Bb4 25. Bc5 Bg6 26. Bxb4 axb4 27.
Nc5 f5 28. exf5 Bxf5 29. Na6 e4 30. Nxb4 exf3 31. gxf3 Bd7 32. a4 Kf7 33. a5
Ke6 34. a6 Bc8 35. Kc2 Kd6 36. a7 Bb7 37. Nd3 Ba8 38. c5+ Kd5 39. Kc3 h5 40. b4
Bb7 41. f4 g4 42. f5 h4 43. Kd2 h3 44. Ke3 1-0

[Event "SK Klausen-ASD Arci Scacchi BZ"]
[Site "?"]
[Date "2014.01.11"]
[Round "6.5"]
[White "Pichler, Klaus"]
[Black "Seebacher, Michael"]
[Result "1-0"]
[WhiteElo "1690"]
[BlackElo "1472"]
[PlyCount "37"]
[EventDate "2014.??.??"]

1. b3 e5 2. Bb2 Nc6 3. e3 d6 4. Nf3 Nf6 5. Be2 Be7 6. d4 exd4 7. exd4 d5 8. O-O
O-O 9. Ne5 Ne4 10. Nc3 Nxc3 11. Bxc3 Bd6 12. Bf3 Be6 13. Qd2 Qf6 14. Rfe1 Rfe8
15. Re3 Rad8 16. Rae1 Qg5 17. Nxc6 bxc6 18. Rxe6 Bxh2+ 19. Kh1 1-0

[Event "SK Klausen-ASD Arci Scacchi BZ"]
[Site "?"]
[Date "2014.01.11"]
[Round "6.6"]
[White "Sigmund, Ingenuin"]
[Black "Rinaldo, Gaetano"]
[Result "0-1"]
[WhiteElo "1717"]
[BlackElo "1588"]
[PlyCount "50"]
[EventDate "2014.??.??"]

1. e4 e6 2. c4 c5 3. Nc3 Nc6 4. f4 d6 5. Nf3 Be7 6. Be2 Nf6 7. O-O Nd4 8. d3
O-O 9. Rb1 a6 10. Be3 Nxe2+ 11. Qxe2 d5 12. exd5 exd5 13. cxd5 Nxd5 14. d4 Nxe3
15. Qxe3 cxd4 16. Qxd4 Qxd4+ 17. Nxd4 Bc5 18. Rbd1 Rd8 19. Rfe1 Bg4 20. Nce2
Bxe2 21. Rxe2 Rxd4 22. Rxd4 Bxd4+ 23. Kf1 Kf8 24. Rd2 Bb6 25. b4 Rd8 0-1

[Event "SK Steinegg Raiffeisen-CSK Merania"]
[Site "?"]
[Date "2014.01.11"]
[Round "6.1"]
[White "Kasserer, Hanspeter"]
[Black "Engl, Stefan"]
[Result "0-1"]
[WhiteElo "1710"]
[BlackElo "1824"]
[PlyCount "52"]
[EventDate "2014.??.??"]

1. d4 e6 2. Nf3 f5 3. g3 Nf6 4. Bg2 d5 5. O-O Bd6 6. b3 Qe7 7. Bb2 Nbd7 8. Nbd2
O-O 9. c4 c6 10. e3 b6 11. Qc2 Bb7 12. Rfc1 Rac8 13. a4 a5 14. h3 Ne4 15. Ne5
Nxe5 16. dxe5 Bb4 17. Nxe4 fxe4 18. Bc3 Rf5 19. Bb2 Rcf8 20. Rf1 Qg5 21. Qe2
Ba6 22. h4 Qg6 23. Bh3 Rf3 24. Bg2 Qg4 25. Qc2 Be7 26. Ba3 c5 0-1

[Event "SK Steinegg Raiffeisen-CSK Merania"]
[Site "?"]
[Date "2014.01.11"]
[Round "6.2"]
[White "Lantschner, Carmen"]
[Black "Torggler, Martin"]
[Result "1-0"]
[WhiteElo "1690"]
[BlackElo "1714"]
[PlyCount "59"]
[EventDate "2014.??.??"]

1. e4 e6 2. d4 d5 3. exd5 exd5 4. Bd3 Nf6 5. Bf4 Bd6 6. Qe2+ Be6 7. Bxd6 Qxd6
8. Nf3 O-O 9. O-O Nc6 10. c3 Rae8 11. Qc2 Bg4 12. Nbd2 h6 13. Rae1 a6 14. Re3
Bd7 15. Rfe1 Re6 16. Ne5 Rfe8 17. Ndf3 R6e7 18. Bf5 Bxf5 19. Qxf5 Nd8 20. Qd3
Ne6 21. h3 c6 22. Nh4 Qb8 23. Nf5 Rc7 24. Rg3 Ne4 25. Nxh6+ Kf8 26. Qf3 Ree7
27. Ng6+ Ke8 28. Nxe7 Rxe7 29. Nf5 Nxg3 30. Nxe7 1-0

[Event "SK Steinegg Raiffeisen-CSK Merania"]
[Site "?"]
[Date "2014.01.11"]
[Round "6.3"]
[White "Tapeiner, Michael"]
[Black "Engl, Alexander"]
[Result "1/2-1/2"]
[WhiteElo "1385"]
[BlackElo "1185"]
[PlyCount "50"]
[EventDate "2014.??.??"]

1. c4 e6 2. g3 f5 3. Bg2 Nf6 4. Nc3 d5 5. Nf3 c6 6. d4 Bd6 7. c5 Bc7 8. Bf4 O-O
9. Bxc7 Qxc7 10. Ne5 Nbd7 11. f4 Ne4 12. Bxe4 fxe4 13. O-O Nxe5 14. fxe5 Bd7
15. Qd2 Rxf1+ 16. Rxf1 Rf8 17. Rxf8+ Kxf8 18. Qf4+ Kg8 19. b4 b5 20. Qc1 a5 21.
Qa3 a4 22. Qc1 Qd8 23. Qf4 Qf8 24. Qxf8+ Kxf8 25. Kf2 g5 1/2-1/2

[Event "SK Steinegg Raiffeisen-CSK Merania"]
[Site "?"]
[Date "2014.01.11"]
[Round "6.4"]
[White "Lantschner, Alexander"]
[Black "Ladurner, Hans"]
[Result "1/2-1/2"]
[WhiteElo "1385"]
[BlackElo "1185"]
[PlyCount "62"]
[EventDate "2014.??.??"]

1. e4 e6 2. Nc3 d5 3. exd5 exd5 4. d4 Nf6 5. Nf3 Be7 6. Be2 O-O 7. O-O c6 8.
Bg5 Be6 9. Bd3 Nbd7 10. Ne2 Ne4 11. Bxe7 Qxe7 12. Ng3 f5 13. Re1 Rae8 14. c3
Ndf6 15. Nd2 Qd6 16. Ndxe4 fxe4 17. Be2 Qf4 18. Qc1 Qh4 19. Qd1 Ng4 20. Bxg4
Bxg4 21. Qd2 Re7 22. Re3 Ref7 23. Rf1 h5 24. h3 Bd7 25. Qe2 g6 26. Kh2 Qf4 27.
Kg1 h4 28. Nh1 Qg5 29. Kh2 Qf5 30. Kg1 Qg5 31. Kh2 Qf5 1/2-1/2

[Event "SK Steinegg Raiffeisen-CSK Merania"]
[Site "?"]
[Date "2014.01.11"]
[Round "6.5"]
[White "Maestri, Alessandro"]
[Black "Schgaguler, GA nther"]
[Result "1-0"]
[WhiteElo "1429"]
[BlackElo "1442"]
[PlyCount "123"]
[EventDate "2014.??.??"]

1. e4 e6 2. d4 d5 3. e5 c5 4. c3 Nc6 5. Nf3 Qb6 6. Bd3 cxd4 7. cxd4 Bd7 8. Bc2
Nge7 9. O-O Ng6 10. a3 Be7 11. Nc3 f6 12. exf6 gxf6 13. Re1 Kf7 14. b4 Qd8 15.
Qe2 Qf8 16. Bd2 a6 17. Bd3 Qg7 18. b5 axb5 19. Nxb5 h5 20. Nc7 Rxa3 21. Rxa3
Bxa3 22. Nxe6 Qg8 23. Nc7 Nge7 24. Bb5 Bd6 25. Ne6 h4 26. h3 Qc8 27. Nf4 Rg8
28. Nxh4 Bxf4 29. Bxf4 Rh8 30. Bg3 Qg8 31. Nf3 Qg7 32. Bxc6 Nxc6 33. Qb5 Kg6
34. Qxd5 Rh5 35. Qe4+ Kf7 36. d5 Ne5 37. Nxe5+ fxe5 38. Qf3+ Rf5 39. Qc3 Kg8
40. Re4 Kf7 41. Qc7 Kg6 42. Rg4+ Rg5 43. Rxg5+ Kxg5 44. Qxb7 Qh7 45. Bxe5 Qf5
46. Bg3 Bc8 47. Qg7+ Kh5 48. Qh8+ Kg5 49. h4+ Kg4 50. Qg7+ Kh5 51. d6 Bd7 52.
Qe5 Qxe5 53. Bxe5 Kxh4 54. Kh2 Kg4 55. f3+ Kf5 56. Bg3 Kg5 57. Kg1 Kf5 58. Kf2
Ke6 59. Ke3 Kd5 60. Bh2 Ke6 61. Ke4 Bc6+ 62. Kd4 1-0